000 00888nam a22003017a 4500
001 9733
003 FISKH
005 20260130150539.0
008 260130b cb ||||| |||| 00| 0 eng d
020 _a9780142407080
040 _aFISKH
_beng
_cFISKH
_dFISKH
050 _aPZ7 .G1214 .M
082 _a823.9
100 _aGág​​ , Wanda
245 _aMillions of cats /
_cBy Wanda Gág
260 _aNew York :
_bPuffin Books ,
_c1928 .
300 _a32 unnumbered pages :
_billustrations ;
_c18 X 26 cm .
505 _aN
520 _aHow can an old man and his wife select one cat from a choice of millions and trillions?
521 8 _a580
_bLexile
521 8 _aN
_bRaz-Plus
650 _aNumbers
_vFiction
650 _aFighting
_vFiction
650 _aMath
_vFiction
700 _aGag , Wanda
_eIllustrator
942 _2ddc
_cBK
_n0
999 _c9733
_d9733